[Event "POL-ch U17 Qual"]
[Site "Jastrzebia Gora"]
[Date "2021.11.21"]
[Round "9"]
[White "Bujnowski, Adam"]
[Black "Komisarski, Jerzy"]
[Result "0-1"]
[WhiteElo "1176"]
[BlackElo "1258"]
[PlyCount "74"]
[EventDate "2021.11.15"]
[EventType "swiss"]
[EventRounds "9"]
[EventCountry "POL"]
[SourceTitle "EXT 2023"]
[Source "ChessBase"]
[SourceDate "2022.10.05"]
[SourceVersion "1"]
[SourceVersionDate "2022.10.05"]
[SourceQuality "1"]

1. d4 b5 2. e4 Bb7 3. f3 a6 4. c4 bxc4 5. Bxc4 e6 6. Bb3 Ne7 7. Be3 d5 8. Nc3 g6 9. Nge2 Bg7 10. Qd2 0-0 11. Bh6 Nd7 12. Bxg7 Kxg7 13. h4 dxe4 14. fxe4 Nf6 15. Bc2 c5 16. Rg1 cxd4 17. Nxd4 Nc6 18. Nb3 Qxd2+ 19. Nxd2 Ng4 20. Bd1 Nce5 21. Nf3 Nd3+ 22. Kf1 Nxb2 23. Be2 Nc4 24. Bxc4 Ne3+ 25. Ke2 Nxc4 26. Rab1 Nd6 27. e5 Nb5 28. Nd1 Rac8 29. a4 Bxf3+ 30. gxf3 Rc2+ 31. Kd3 Na3 32. Rb6 Rd8+ 33. Rd6 Rb8 34. Ne3 Rb3+ 35. Ke4 Re2 36. Rd3 Rb4+ 37. Rd4 Rxe3+ 0-1